|
|
|
|
| LEADER |
00000nab a2200000 a 4500 |
| 001 |
vtls009169045 |
| 003 |
SK-MaSNL |
| 005 |
20260303055131.0 |
| 008 |
071220c20071214xo drz 0 0slo |
| 038 |
|
|
|a KEVKJB
|
| 040 |
|
|
|a KEVKJB
|b slo
|c KEVKJB
|e AACR2
|
| 041 |
0 |
|
|a slo
|
| 044 |
|
|
|a xo
|c SK
|
| 080 |
|
|
|a 728.81
|2 2001
|
| 100 |
1 |
|
|a Sabol, Dominik
|4 aut
|9 509447
|
| 245 |
1 |
0 |
|a Sokoľ
|b pátranie po hradoch
|c Dominik Sabol
|
| 300 |
|
|
|b Fotogr., mapa
|
| 610 |
2 |
7 |
|a Sokoľ (Slovensko : hrad)
|2 kevkjb
|9 165166
|
| 650 |
0 |
7 |
|a hrady
|z Košice-okolie (Slovensko : okres)
|2 kevkjb
|9 1031830
|
| 651 |
|
7 |
|a Sokoľ (Slovensko)
|2 kevkjb
|9 30359
|
| 651 |
|
7 |
|a Košice-okolie (Slovensko : okres)
|2 kevkjb
|9 146743
|
| 773 |
0 |
|
|t Košický Korzár
|g Roč. X, č. 287 (14.12.2007)
|x 1335-4566
|
| 773 |
0 |
8 |
|i Príl.:
|t Pohoda
|g S. 13
|
| 852 |
|
|
|a KEVKJB
|b KIS3GCP
|
| 999 |
|
|
|c 1726065
|d 1727995
|